00686nam a2200205Ia 450000500170000000800410001702000180005804000180007604100080009408200220010210000270012424501100015125000120026126000430027330000320031665000550034865000270040365000280043070000220045820251218113910.0210716s2016 xx 000 0 und d a9788131526613 cAIMIT LIBRARY aeng a005.764 25bALBS aAlbright, S Christian. aBusiness analytics: bdata analysis and decision making /cBy S. Christian Albright and Wayne L. Winston. a5th ed. aNew Delhi :bCengage Learning ,c2016. axviii,990p. ;c25.4 cm.bPB aProbability and Decision Making Under Uncertainty. aStatistical Inference. aAdvanced Data Analysis. aWinston, Wayne L.